000 00473nam a2200193 a 4500
001 1760606289305
003 YourLibrary
005 20251018113042.0
008 251016s2007##################000#0#eng##
020 _a9780195326024
082 0 4 _a190
_bTIM
100 1 _aTimmons, Mark,
_eauthor.
245 1 0 _aRationality and the Good :
260 _c2007.
300 _a292 pages
650 0 _aPhilosophy.
942 _cENGLISH
040 _aYourLibrary
_beng
_cYourLibrary
999 _c592253
_d592253